1397 1872 1925 1788 1113 1543 1787 1920 1212 1011 1952 1122 1096 1396 1170 1234 1278 1960 1058 1469 1208 1934 1769 1581 1347 1758 1330 1949 1792 1308 1318 1530 1649 1799 1236 1879 1279 1441 1666 1029 1613 1311 1668 1370 1604 1423 1220 1518 1442 1577 1583 1123 1267 1911 1586 1946 1728 1142 1518 1857 1190 1043 1231 1280 1878 1352 1312 1322 1039 1513 1174 1825 1717 1298 1479 1356 1434 1079 1962 1339 1216 1299 1166 1108 1855 1832 1080 1932 1623 1031 1384 1771 1788 1483 1209 1588 1513 1954 1508 BCNSPRNW ULIB Ver.6.0+V

เปลี่ยนเป็นภาษาไทย

Change to English
 แสดงรายละเอียดบรรณานุกรม
  กลับหน้าหลัก

Brief Record : Get Marc (ISO 2709) : E-mail record : QR code < ปิดหน้าต่าง
LEADER : 00000nam 2200000uu 4500
001    13399110314
003     ULIB
008    110428s2545||||th 000 0 tha d
020    9749076982
060 04 WM203.5^bอ833ช 2545
082 04 618.928982^bอ462ช
100 0  อุมาพร ตรังคสมบัติ
245 10 ช่วยลูกออทิสติก :^bคู่มือสำหรับพ่อแม่ผู้ไม่ยอมแพ้ /^cอุมาพร ตรังคสมบัติ
250    พิมพ์ครั้งที่ 1
260    กรุงเทพฯ :^bศูนย์วิจัยและพัฒนาครอบครัว,^c2545
300    313 หน้า :^bภาพประกอบ, ตาราง
650  2 Autism, Infantile
650  2 Autistic disorder
650  7 เด็กออทิสติก
710 20 ศูนย์วิจัยและพัฒนาครอบครัว
945    ^p300^l0^i015806
945    ^p300^l0^i015805
945    ^p300^l0^i015804
995    ทศพร
999 ^a ใช้งานได้ทุกระบบ
รายการนี้ยังไม่มีแท็ก
คุณยังไม่ได้ล็อกอิน คุณสามารถมีกิจกรรมร่วมกับเว็บไซต์ได้ แต่ต้องล็อกอินก่อน ::
  ล็อกอิน

รายการสื่อสารสนเทศ

ลำดับที่ ประเภท เลขเรียก/บาร์โค้ด สถานที่ สถานะ
- ไม่พบข้อมูล -

รายการใกล้เคียง
    ผู้แต่ง [อุมาพร ตรังคสมบัติ]

    หัวเรื่อง [Autism, Infantile]
    หัวเรื่อง [Autistic disorder]
    หัวเรื่อง [เด็กออทิสติก]

BibComment


ยังไม่เคยถูกคอมเมนท์

คอมเมนท์ทรัพยากรรายการนี้
  คอมเมนท์: ช่วยลูกออทิสติก ..


 Copyright 2026. Bcnsprnw @Library